000 00332nam a2200133Ia 4500
100 _aPappas/C.H/ Murray/W.H
942 _cRB
654 _aprogramming for windows NT.
245 _aApplications programming for Windows N.T.
260 _bOsborne Mc graw Hill
_aBarkeley
_c1993
300 _a680
546 _aENGLISH
999 _c35100
_d35100